| 000 | 00449 a2200145 4500 | ||
|---|---|---|---|
| 245 |
_aIntroduction to the Essay _hprint |
||
| 700 | _aFuller, Edmund | ||
| 700 | _aDavis, O. B. | ||
| 650 | _aENGLISH LANGUAGE RHETORIC | ||
| 650 | _aENGLISH LITERATURE | ||
| 005 | 20191017172338.0 | ||
| 260 |
_anyu _bHayden Book Co. _c[1971, c1972] |
||
| 084 | _aPE1417 .F8 1972 | ||
| 300 |
_a209 p. 23 cm. _b209 p. 23 cm. _c209 p. 23 cm. |
||
| 500 | _a[compiled by] Edmund Fuller [and] O.B. Davis. | ||
| 999 |
_c8764 _d8764 |
||